Industrieinvestitionen in entwicklungslandern : Risiken und Chancen

সংরক্ষণ করুন:
গ্রন্থ-পঞ্জীর বিবরন
প্রধান লেখক: Giesecke, Helmut
বিন্যাস: গ্রন্থ
ভাষা:Undetermined
প্রকাশিত: Hamburg Verlag Weltarchiv GMBH 1963
বিষয়গুলি:
ট্যাগগুলো: ট্যাগ যুক্ত করুন
কোনো ট্যাগ নেই, প্রথমজন হিসাবে ট্যাগ করুন!
Thư viện lưu trữ: Trung tâm Học liệu Trường Đại học Cần Thơ
LEADER 00565nam a2200205Ia 4500
001 CTU_82376
008 210402s9999 xx 000 0 und d
082 |a 332 
082 |b G454 
100 |a Giesecke, Helmut 
245 0 |a Industrieinvestitionen in entwicklungslandern : 
245 0 |b Risiken und Chancen 
245 0 |c Helmut Giesecke 
260 |a Hamburg 
260 |b Verlag Weltarchiv GMBH 
260 |c 1963 
650 |a Finance 
650 |x Developing countries 
904 |i Trọng Hải 
980 |a Trung tâm Học liệu Trường Đại học Cần Thơ